[Event "Moscow op-E"]
[Site "Moscow"]
[Date "2011.02.06"]
[Round "9"]
[White "Kornev, Alexei"]
[Black "Frolyanov, Dmitry"]
[Result "0-1"]
[WhiteElo "2507"]
[BlackElo "2616"]
[PlyCount "92"]
[EventDate "2011.01.29"]
[EventType "swiss"]
[EventRounds "9"]
[EventCountry "RUS"]
[SourceTitle "CBM 140 Extra"]
[Source "ChessBase"]
[SourceDate "2011.03.01"]
[SourceVersion "1"]
[SourceVersionDate "2011.03.01"]
[SourceQuality "1"]

1. d4 d5 2. Nf3 Nf6 3. c4 e6 4. Nc3 dxc4 5. Bg5 a6 6. e4 b5 7. e5 h6 8. Bh4 g5 9. Nxg5 hxg5 10. Bxg5 Nbd7 11. exf6 Bb7 12. d5 Nc5 13. dxe6 Nxe6 14. Qxd8+ Rxd8 15. Be3 Nd4 16. 0-0-0 Nf5 17. Bd2 Bh6 18. f4 Rxd2 19. Re1+ Kf8 20. Kxd2 Bxf4+ 21. Kc2 Ne3+ 22. Kb1 b4 23. Rxe3 Bxe3 24. Nd1 Be4+ 25. Ka1 Bd4 26. Bxc4 Bxg2 27. Re1 Bxf6 28. Re2 Bf1 29. Re4 Bxc4 30. Rxc4 Rxh2 31. Rxc7 Rd2 32. Rc1 Kg7 33. Kb1 Bg5 34. Ka1 Rd3 35. Rb1 Rf3 36. a3 Bf6 37. Ka2 b3+ 38. Ka1 Bd4 39. Nc3 Bxc3 40. bxc3 Rxc3 41. Kb2 Re3 42. Rc1 Kg6 43. a4 Kg5 44. Rc6 Re6 45. Rc5+ f5 46. Kxb3 Kg4 0-1

[Event "Moscow op-E"]
[Site "Moscow"]
[Date "2011.02.04"]
[Round "7"]
[White "Turov, Maxim"]
[Black "Kornev, Alexei"]
[Result "1-0"]
[WhiteElo "2631"]
[BlackElo "2507"]
[PlyCount "67"]
[EventDate "2011.01.29"]
[EventType "swiss"]
[EventRounds "9"]
[EventCountry "RUS"]
[SourceTitle "CBM 140 Extra"]
[Source "ChessBase"]
[SourceDate "2011.03.01"]
[SourceVersion "1"]
[SourceVersionDate "2011.03.01"]
[SourceQuality "1"]

1. c4 c6 2. e4 d5 3. exd5 Nf6 4. Nc3 cxd5 5. d4 Nc6 6. Bf4 Bg4 7. f3 Be6 8. c5 g6 9. Bb5 Bg7 10. Nge2 0-0 11. 0-0 Bd7 12. a3 a6 13. Bd3 Bf5 14. Bxf5 gxf5 15. Qd2 Kh8 16. b4 e6 17. Bh6 Rg8 18. Bxg7+ Rxg7 19. Nf4 Nd7 20. Nce2 Qg5 21. a4 a5 22. b5 Nb4 23. Rad1 Rag8 24. Rf2 e5 25. dxe5 Nxc5 26. Ng3 Ne6 27. Ngh5 Nxf4 28. Nxf4 Qh4 29. Qd4 Qh6 30. Re2 Rc8 31. e6 Nc2 32. Qe5 fxe6 33. Nxe6 Re8 34. Rdd2 1-0

[Event "Moscow op-E"]
[Site "Moscow"]
[Date "2011.01.30"]
[Round "2.34"]
[White "Petrosyan, Tigran S"]
[Black "Kornev, Alexei"]
[Result "0-1"]
[WhiteElo "2202"]
[BlackElo "2507"]
[PlyCount "86"]
[EventDate "2011.01.29"]
[EventType "swiss"]
[EventRounds "9"]
[EventCountry "RUS"]
[SourceTitle "EXT 2022"]
[Source "ChessBase"]
[SourceDate "2021.10.06"]
[SourceVersion "1"]
[SourceVersionDate "2021.10.06"]
[SourceQuality "1"]

1. e4 c6 2. d4 d5 3. Nc3 dxe4 4. Nxe4 Bf5 5. Ng3 Bg6 6. Nf3 Nd7 7. h4 h6 8. h5 Bh7 9. Bd3 Bxd3 10. Qxd3 e6 11. Bf4 Qa5+ 12. Bd2 Bb4 13. c3 Be7 14. c4 Qc7 15. 0-0-0 Ngf6 16. Kb1 0-0 17. Bc1 Rfd8 18. Qe2 Bd6 19. Ne4 Bf4 20. Nxf6+ Nxf6 21. Bxf4 Qxf4 22. Qe5 Qe4+ 23. Qxe4 Nxe4 24. Rh4 f5 25. Re1 c5 26. dxc5 Rac8 27. b4 a5 28. a3 axb4 29. axb4 Ra8 30. Rexe4 fxe4 31. Rxe4 Ra4 32. b5 Rc8 33. Kb2 Rxc5 34. Kb3 Ra1 35. Rxe6 Rb1+ 36. Ka2 Rf1 37. Re8+ Kh7 38. Kb3 Rxf2 39. Kb4 Rxh5 40. Ka5 Rc5 41. Re4 Rxg2 42. Kb6 Rf5 43. Ne5 Rgg5 0-1